MDQL
is popping MORE tags! Check the
thread
!
Quizzes
Events
Quiz Creation
Community
Videos
Private Events
Remove Ads
Sign In
Join for FREE
Feedback
Dark Mode
Quiz Categories
Sports
Geography
Music
Movies
Television
Just For Fun
Miscellaneous
History
Literature
Language
Science
Gaming
Entertainment
Religion
Holiday
For Kids
Quiz Lab
Recent
Popular Today
Quiz Kudos Today
Editor Picks
Curator Picks
Quizzes by...
Day
Popularity
Type
Ratings
Length
Year
Community
Subscriptions
Recent Discussions
Orange Saloon
Badges
Playlists
Quests
Create
Leaderboards
Showdown
Live 5
Trivia Bingo
Activity
Puzzle Library
Sporcle Events
Private Events
Virtual Trivia
Globe League
Become a Host
Pub Owners
SporcleCon
Opinionation
Our Games
Videos
Blog
Mobile Apps
Partnerships
Remove Ads and Go Orange
Feedback
Sports
Athletes
MLB
NBA
NHL
NFL
Soccer
Sports Teams
WWE
NCAA
Football
Premier League
Basketball
Baseball
Hockey
Golf
Tennis
Cricket
Rugby
Auto Racing
Olympics
World Cup
Sports
Athletes
MLB
NBA
NHL
NFL
Soccer
Sports Teams
WWE
NCAA
Football
Premier League
Basketball
Baseball
Hockey
Golf
Tennis
Cricket
Rugby
Auto Racing
Olympics
World Cup
Random Quiz
Search Sporcle
×
Quiz Lab
Quiz Lab
Sports
NFL
Type in answers that appear in a list
Type in answers that appear in a list
Classic
Best Score? Go Orange.
NFL 2012 Draft Picks 1-100 Stats
Can you name the NFL 2012 Draft Picks 1-100?
By
Austin515
10m
100 Questions
154 Plays
154 Plays
154 Plays
Comments
Comments
Give Quiz Kudos
Give Quiz Kudos
-
- Ratings
hide this ad
Replay
Link that replays current quiz
Next Quiz
Link to next quiz in quiz playlist
You Got
0%
They Got
Avg Score
45%
Avg Friend Score
Upgrade to see
Score Distribution
Jump to the score distribution portion of the page
Score
0/100
Timer
10:00
0
Plays Today
% Correct
Andrew Luck
100%
Robert Griffin III
98.7%
Trent Richardson
97.4%
Justin Blackmon
96.1%
Ryan Tannehill
94.8%
Matt Kalil
88.3%
Morris Claiborne
87.7%
Chandler Jones
84.4%
Luke Kuechly
83.8%
Ben Jones
83.8%
Brandon Weeden
82.5%
David Wilson
82.5%
Harrison Smith
81.8%
Doug Martin
81.8%
Jonathan Martin
81.8%
Tavon Wilson
81.8%
Russell Wilson
81.8%
Mike Martin
81.8%
Michael Floyd
76.6%
Dontari Poe
76%
Coby Fleener
76%
Mark Barron
75.3%
Kendall Wright
71.4%
A.J. Jenkins
71.4%
Janoris Jenkins
71.4%
Stephen Gilmore
69.5%
Fletcher Cox
68.8%
Bruce Irvin
68.8%
Dont'a Hightower
66.9%
David DeCastro
64.9%
Stephen Hill
64.9%
Dre Kirkpatrick
62.3%
Michael Brockers
61%
Nick Perry
60.4%
% Correct
Quinton Coples
59.7%
Melvin Ingram
58.4%
Jeff Allen
57.8%
Dwayne Allen
57.8%
Brock Osweiler
54.5%
Alshon Jeffery
53.2%
Trumaine Johnson
53.2%
Riley Reiff
52.6%
Brian Quick
51.3%
Nick Foles
51.3%
Whitney Mercilus
50%
Courtney Upshaw
50%
LaMichael James
48.1%
Zach Brown
46.8%
Shea McClellin
46.1%
Rueben Randle
44.8%
Ryan Broyles
43.5%
Kevin Zeitler
42.2%
Bobby Wagner
42.2%
T.Y. Hilton
40.9%
Isaiah Pead
37.7%
Mike Adams
37.7%
Mychal Kendricks
36.4%
Lamar Miller
36.4%
Lavonte David
35.7%
Ronnie Hillman
35.1%
Cordy Glenn
32.5%
Bryan Anger
32.5%
Derek Wolfe
30.5%
Mohamed Sanu
30.5%
Bernard Pierce
30.5%
Demario Davis
29.9%
Chris Givens
29.9%
Casey Hayward
28.6%
% Correct
Jerel Worthy
27.3%
Mitchell Schwartz
24.7%
T.J. Graham
24.7%
Peter Konz
24%
Vinny Curry
24%
Josh Robinson
24%
Andre Branch
22.7%
Devon Still
20.8%
Brandon Thompson
20.8%
Kendall Reyes
20.1%
Kelechi Osemele
17.5%
DeVier Posey
15.6%
Amini Silatolu
13%
Michael Egnew
11.7%
Tyrone Crawford
11%
Travis Benjamin
11%
Olivier Vernon
10.4%
Brandon Taylor
10.4%
Jayron Hosley
10.4%
Brandon Brooks
9.7%
Sean Spence
9.7%
Akiem Hicks
9.7%
Donald Stephenson
8.4%
Dwight Bentley
7.8%
Josh LeRibeus
7.1%
Jamell Fleming
6.5%
Jake Bequette
5.2%
John Hughes
4.5%
Brandon Hardin
3.9%
Lamar Holmes
3.9%
Gino Gradkowski
3.9%
Tony Bergstrom
1.3%
Quiz Playlist
Details
Report
Send in Message
Add To Playlist
Classic:
Type in answers that appear in a list
Last Updated: Feb 16, 2017
Quiz Scoreboard
CHALLENGE
Sign Up to Join the Scoreboard
Show All
Scores
Hide
Comments
May contain spoilers
Recently Published
Holiday 10x10 Sorting Gallery
by lukepisani3
Holiday
15m
Two Season TV Shows II
by 123Four
Television
10m
Image Sorting: Flags VI
by Barbecue
Geography
2m
More to Explore
Quiz From the Vault
Featured Blog Post
14 Easter Pick-up Lines to Find Eggs With
hide this ad
You Might Also Like...
Tags
NFL Quiz
2012
Draft
Draft Picks
Today's Top Quizzes in Sports
Browse Sports
hide this ad
Today's Top Quizzes in NFL
Browse NFL
Top Contributed Quizzes in Sports
1
Les meilleurs buteurs des matchs entre le PSG et l’OM
2
Les entraîneurs de l'OM et du PSG au 21e siècle
3
2022 World Cup Stars
4
Les joueurs passés par le PSG et l'OM
5
Players with Multiple 50 Home Run Seasons
6
FIFA Club World Cup Champions
7
Criteria MLB: Left Handed Sluggers
8
Les joueurs passés par le LOSC et le RC Lens
9
Top 10 NHL Goal Scorers of All Time
10
NBA Logic Puzzle 2.0
Explore More
Trending Topics
Anime
Harry Potter
Kpop
NBA
Marvel
Crossword
Disney
Song
NFL
Pokémon
Puzzle
Country
Soccer
The Office
WWE
hide this ad
More By:
Austin515
Quiz
Plays
Rating
Category
Featured
Created
Last 5 NFL QBs to Play a 16 Game Regular Season
969
3.71
Sports
Apr 19, 2013
NFL 2013 Projected Starters
607
3.33
Sports
May 7, 2013
2013 NFL Draft Clickable
496
3.83
Sports
May 2, 2013
Madden 99+ Overalls since Madden 99'
471
4.00
Gaming
Oct 12, 2012
NFL Players Traded in 2013
420
3.00
Sports
Apr 9, 2013
Go to Creator's Profile
Score Distribution
Quiz Creator Spotlight
Austin515
Follow
Send a Message
Quizzes Created
-
Created Quiz Play Count
-
More By This Creator
Popular Quizzes Today
1
Find the US States - No Outlines Minefield
2
Colored Red Africa Blitz
3
Find the 'City' Movie
4
The Countries of the World
5
5x2 Blitz: Bands
6
Find the Countries of Europe - No Outlines Minefield
7
Find the US States
8
US States
More Sports Quizzes
I won a World Championship at the Royal Rumble
Curator's Pick
Trending Quizzes
Colored Red Europe Blitz I
Colored Red Africa Blitz II
Colored Red Europe Blitz II
Even More Two Season TV Shows
Colored Red Africa Blitz III
Recently Updated
Odd Team Out - Big 4 Players
pecheneg
Quick Pick: 20 Twenties
pecheneg
March Madness Men's Triple Doubles
pecheneg
How Do You Spell That?
pecheneg
Godzilla Movies
pecheneg
Grab Bag: 4-10 Letters
pecheneg
2024 March Madness Bracket
pecheneg
Famous TV Couples
Peacemaker
Champions League XIs: Real Madrid
pecheneg
Largest US Cities 1790-2010
pecheneg
Trending Topics
Harry Potter
Disney
Marvel
Anime
NBA
Kpop
Crossword
WWE
Country
Pokémon
NFL
The Office
Puzzle
Song
Soccer
Your Account Isn't Verified!
In order to create a playlist on Sporcle, you need to verify the email address you used during registration. Go to your
Sporcle Settings
to finish the process.
Report this User
Report this user for behavior that violates our
Community Guidelines
.
Details:
Send Report
Go to the Sporcle.com Mobile Site →
Comments